[Event "Tbilisi Cup"]
[Site "Tbilisi"]
[Date "2010.05.15"]
[Round "1"]
[White "Kekelidze, Nino"]
[Black "Sanikidze, Tornike"]
[Result "0-1"]
[WhiteElo "1983"]
[BlackElo "2569"]
[PlyCount "80"]
[EventDate "2010.05.15"]
[EventType "swiss"]
[EventRounds "9"]
[EventCountry "GEO"]
[SourceTitle "CBM 136 Extra"]
[Source "ChessBase"]
[SourceDate "2010.07.02"]
[SourceVersion "2"]
[SourceVersionDate "2010.07.15"]
[SourceQuality "1"]

1. d4 Nf6 2. c4 g6 3. Nc3 d5 4. Bg5 Ne4 5. Bh4 Nxc3 6. bxc3 dxc4 7. e3 Be6 8. Nf3 Bg7 9. Rb1 b6 10. Nd2 0-0 11. Be2 c6 12. a4 c5 13. Nxc4 Nc6 14. 0-0 cxd4 15. exd4 Rc8 16. Rc1 Re8 17. Ne3 Na5 18. Ba6 Ra8 19. Qf3 Bd7 20. Bb5 Rc8 21. Rfe1 Bxb5 22. axb5 Nc4 23. Ra1 Nxe3 24. Rxe3 Qd7 25. Qe2 e6 26. Qa2 Qxb5 27. Qxa7 Qb2 28. Rf3 Rc7 29. Qa3 Qxa3 30. Rxa3 Bxd4 31. Bg3 e5 32. h4 Bc5 33. Ra2 f5 34. Re2 Rce7 35. Rd3 Kf7 36. h5 g5 37. Kf1 f4 38. Bh2 g4 39. Re4 Kf6 40. Rd5 Ra8 0-1